[Event "Ruhrgebiet Verbandsliga Gruppe 1 1819"]
[Site "Nordrheinwestfalen"]
[Date "2019.03.24"]
[Round "8.8"]
[White "Pappert, Thomas"]
[Black "Skolarski, Hans Georg"]
[Result "0-1"]
[WhiteElo "1766"]
[BlackElo "2114"]
[PlyCount "76"]
[EventDate "2018.09.23"]
[EventType "team-tourn"]
[EventRounds "9"]
[EventCountry "GER"]
[SourceTitle "EXT 2022"]
[Source "ChessBase"]
[SourceDate "2021.10.06"]
[SourceVersion "1"]
[SourceVersionDate "2021.10.06"]
[SourceQuality "1"]
[WhiteTeam "Bochum-Linden"]
[BlackTeam "Bottrop SV"]
[WhiteTeamCountry "GER"]
[BlackTeamCountry "GER"]

1. c4 Nf6 2. Nc3 g6 3. e4 d6 4. d3 Bg7 5. f4 0-0 6. Nf3 c5 7. Be2 Nc6 8. 0-0 a6 9. h3 Rb8 10. a4 Ne8 11. Be3 Nd4 12. Rb1 Nc7 13. Bxd4 cxd4 14. Nd5 Nxd5 15. cxd5 Bd7 16. b4 Rc8 17. b5 axb5 18. axb5 Qb6 19. Nd2 Rc5 20. Nc4 Rxc4 21. dxc4 d3+ 22. Kh1 dxe2 23. Qxe2 Rc8 24. e5 e6 25. Rfd1 dxe5 26. fxe5 exd5 27. cxd5 Re8 28. e6 fxe6 29. d6 Rd8 30. Rd2 Qc5 31. Rbd1 Qxb5 32. Qe3 Rf8 33. Rd3 Qe5 34. Qb6 Qe2 35. Qg1 Bh6 36. Qe1 Qxe1+ 37. Rxe1 Bc6 38. d7 Rd8 0-1

[Event "Ruhrgebiet Verbandsliga Gruppe 1 1819"]
[Site "Nordrheinwestfalen"]
[Date "2019.01.20"]
[Round "5.8"]
[White "Neugebauer, Thomas"]
[Black "Skolarski, Hans Georg"]
[Result "0-1"]
[WhiteElo "1842"]
[BlackElo "2114"]
[PlyCount "98"]
[EventDate "2018.09.23"]
[EventType "team-tourn"]
[EventRounds "9"]
[EventCountry "GER"]
[SourceTitle "EXT 2022"]
[Source "ChessBase"]
[SourceDate "2021.10.06"]
[SourceVersion "1"]
[SourceVersionDate "2021.10.06"]
[SourceQuality "1"]
[WhiteTeam "Altenessen"]
[BlackTeam "Bottrop SV"]
[WhiteTeamCountry "GER"]
[BlackTeamCountry "GER"]

1. e4 c6 2. d4 d5 3. e5 c5 4. c3 Nc6 5. Be3 g6 6. Qd2 Bg7 7. Na3 cxd4 8. cxd4 a6 9. Bd3 h5 10. Ne2 Nh6 11. f3 Bf5 12. 0-0 Rc8 13. Ng3 Bxd3 14. Qxd3 e6 15. Nc2 h4 16. Ne2 Nf5 17. Bd2 Qb6 18. f4 Bf8 19. Bc3 Be7 20. Qh3 Kd7 21. a3 a5 22. Rad1 Qa6 23. Nc1 a4 24. Nd3 Qc4 25. Ne3 Nxe3 26. Qxe3 b6 27. Rc1 Qb5 28. Rf2 Qb3 29. Qh3 Na7 30. Rf3 Nb5 31. Bd2 Rxc1+ 32. Bxc1 Qc4 33. Bd2 Nxd4 34. Rf2 Rc8 35. Bc3 Nb5 36. Bb4 Bxb4 37. Nxb4 Qc1+ 38. Rf1 Qxb2 39. Nxd5 Qd4+ 40. Ne3 Rc3 41. Rd1 Qxd1+ 42. Nxd1 Rxh3 43. gxh3 Nd4 44. Kf2 Kc6 45. Nc3 b5 46. Nb1 Kc5 47. Ke3 Nc6 48. Kd3 b4 49. axb4+ Kxb4 0-1

[Event "Ruhrgebiet Verbandsliga Gruppe 1 1718"]
[Site "Germany"]
[Date "2018.04.29"]
[Round "9.7"]
[White "Jeschke, Holger"]
[Black "Skolarski, Hans Georg"]
[Result "0-1"]
[WhiteElo "1892"]
[BlackElo "2114"]
[PlyCount "66"]
[EventDate "2017.09.17"]
[EventType "team-tourn"]
[EventRounds "9"]
[EventCountry "GER"]
[SourceTitle "EXT 2022"]
[Source "ChessBase"]
[SourceDate "2021.10.06"]
[SourceVersion "1"]
[SourceVersionDate "2021.10.06"]
[SourceQuality "1"]
[WhiteTeam "Annen Sport Union"]
[BlackTeam "Bottrop SV"]
[WhiteTeamCountry "GER"]
[BlackTeamCountry "GER"]

1. b4 c6 2. Bb2 a5 3. bxa5 Rxa5 4. c4 d6 5. Nc3 Nd7 6. Nf3 Ngf6 7. e3 g6 8. d4 Bg7 9. Bd3 0-0 10. Qc2 e5 11. Ne2 Re8 12. Ng3 exd4 13. Bxd4 Ne5 14. Nxe5 dxe5 15. Bc3 Ra8 16. 0-0 Qe7 17. Qb2 Nd7 18. e4 Nc5 19. Bc2 Be6 20. Bb3 Nd3 21. Qc2 Nf4 22. Rad1 Qg5 23. Bd2 h5 24. f3 h4 25. Bxf4 exf4 26. Nh1 Rad8 27. Nf2 h3 28. Nd3 Bd4+ 29. Kh1 c5 30. Ba4 Rf8 31. Rb1 Be3 32. Rxb7 Rxd3 33. Qxd3 Qxg2# 0-1

[Event "Ruhrgebiet Verbandsliga Gruppe 2 1415"]
[Site "Germany"]
[Date "2014.10.19"]
[Round "2.5"]
[White "Wilbert, Siegfried"]
[Black "Skolarski, Hans Georg"]
[Result "0-1"]
[WhiteElo "1941"]
[BlackElo "2124"]
[PlyCount "50"]
[EventDate "2014.09.21"]
[EventType "team-tourn"]
[EventRounds "9"]
[EventCountry "GER"]
[SourceTitle "EXT 2022"]
[Source "ChessBase"]
[SourceDate "2021.10.06"]
[SourceVersion "1"]
[SourceVersionDate "2021.10.06"]
[SourceQuality "1"]
[WhiteTeam "Buer SF"]
[BlackTeam "Bottrop SV"]
[WhiteTeamCountry "GER"]
[BlackTeamCountry "GER"]

1. d4 Nf6 2. c4 g6 3. Nc3 Bg7 4. e4 d6 5. f3 0-0 6. Be3 Nc6 7. Nge2 a6 8. Qd2 Re8 9. g4 h5 10. h3 b5 11. cxb5 axb5 12. Nxb5 Na5 13. Nc1 c6 14. Nc3 e5 15. b4 exd4 16. Bxd4 c5 17. bxa5 cxd4 18. Nb5 hxg4 19. hxg4 d5 20. Bd3 dxe4 21. fxe4 Nxe4 22. Bxe4 Rxe4+ 23. Kd1 Bxg4+ 24. Kc2 Rc8+ 25. Kb3 Qd5+ 0-1

[Event "Ruhrgebiet VL2 0708"]
[Site "Germany"]
[Date "2008.04.27"]
[Round "9.2"]
[White "Fuellgrabe, Thomas"]
[Black "Skolarski, Hans Georg"]
[Result "1/2-1/2"]
[WhiteElo "2184"]
[BlackElo "2286"]
[PlyCount "84"]
[EventDate "2007.09.02"]
[EventType "team"]
[EventRounds "9"]
[EventCountry "GER"]
[SourceTitle "EXT 2009"]
[Source "ChessBase"]
[SourceDate "2008.11.26"]
[SourceVersion "1"]
[SourceVersionDate "2008.11.26"]
[SourceQuality "1"]
[WhiteTeam "Welper SV"]
[BlackTeam "Bottrop"]
[WhiteTeamCountry "GER"]
[BlackTeamCountry "GER"]

1. e4 c6 2. c4 g6 3. Nc3 Bg7 4. d4 d6 5. Be2 a6 6. Be3 b5 7. Nf3 Nf6 8. e5 Ng4 9. Bf4 dxe5 10. Nxe5 Nxe5 11. Bxe5 Bxe5 12. dxe5 Qc7 13. Qd4 0-0 14. 0-0-0 Nd7 15. f4 Qb6 16. Bf3 Rb8 17. Qxb6 Rxb6 18. Ne4 bxc4 19. Rd4 f5 20. Nd2 Nc5 21. Nxc4 Rb4 22. b3 Rxb3 23. Na5 Ra3 24. Nxc6 Be6 25. Bd5 Bxd5 26. Rxd5 Nd3+ 27. Kb1 Nxf4 28. Rd7 e6 29. Rc1 Nd5 30. Ne7+ Nxe7 31. Rxe7 Rb8+ 32. Ka1 Re3 33. Rxe6 Re2 34. Rxa6 Rxe5 35. Rac6 Re2 36. Rc8+ Rxc8 37. Rxc8+ Kg7 38. a4 Rxg2 39. a5 Rg4 40. Kb2 Ra4 41. Rc5 f4 42. Kb3 Ra1 1/2-1/2

[Event "Ruhrgebiet VL2 0708"]
[Site "Germany"]
[Date "2008.04.06"]
[Round "8.2"]
[White "Skolarski, Hans Georg"]
[Black "Huettemann, Karl Heinz"]
[Result "1/2-1/2"]
[WhiteElo "2286"]
[BlackElo "2249"]
[PlyCount "22"]
[EventDate "2007.09.02"]
[EventType "team"]
[EventRounds "9"]
[EventCountry "GER"]
[SourceTitle "EXT 2009"]
[Source "ChessBase"]
[SourceDate "2008.11.26"]
[SourceVersion "1"]
[SourceVersionDate "2008.11.26"]
[SourceQuality "1"]
[WhiteTeam "Bottrop"]
[BlackTeam "Dortmund SV"]
[WhiteTeamCountry "GER"]
[BlackTeamCountry "GER"]

1. e4 c5 2. Nf3 Nf6 3. e5 Nd5 4. c4 Nc7 5. d4 cxd4 6. Qxd4 Nc6 7. Qe4 d6 8. exd6 Qxd6 9. Bf4 Qe6 10. Nc3 Qxe4+ 11. Nxe4 Ne6 1/2-1/2

[Event "Oberliga NRW 0405"]
[Site "Germany"]
[Date "2005.04.03"]
[Round "8.7"]
[White "Partenheimer, Axel"]
[Black "Skolarski, Hans Georg"]
[Result "1/2-1/2"]
[WhiteElo "2181"]
[BlackElo "2282"]
[PlyCount "83"]
[EventDate "2004.10.10"]
[EventType "team-tourn"]
[EventRounds "9"]
[EventCountry "GER"]
[SourceTitle "EXT 2006"]
[Source "ChessBase"]
[SourceDate "2005.11.24"]
[SourceVersion "1"]
[SourceVersionDate "2005.11.24"]
[SourceQuality "1"]
[WhiteTeam "Gelsenkirchen"]
[BlackTeam "Gescher"]
[WhiteTeamCountry "GER"]
[BlackTeamCountry "GER"]

1. Nf3 Nf6 2. c4 g6 3. d4 Bg7 4. g3 0-0 5. Bg2 d6 6. 0-0 Nc6 7. Nc3 e5 8. d5 Ne7 9. e4 a6 10. a4 a5 11. Ne1 Nh5 12. Nd3 f5 13. exf5 Nxf5 14. g4 Nh4 15. gxh5 Nxg2 16. Kxg2 Qh4 17. f3 Bh3+ 18. Kg1 e4 19. Nxe4 Bxf1 20. Qxf1 Bd4+ 21. Kg2 Rae8 22. Qe2 g5 23. Bd2 Qxh5 24. Re1 Qg6 25. Be3 Rxe4 26. fxe4 Qxe4+ 27. Kg1 Re8 28. Bxd4 Qxe2 29. Rxe2 Rxe2 30. Nf2 Rc2 31. Bc3 Rc1+ 32. Kg2 Ra1 33. Ne4 Rxa4 34. Nd2 Kf7 35. Kf3 Kg6 36. h3 h5 37. Ke4 Ra1 38. Kf3 b6 39. Nb3 Rf1+ 40. Kg3 Rf4 41. Nd4 a4 42. Kg2 1/2-1/2

[Event "Oberliga NRW 0405"]
[Site "Germany"]
[Date "2004.11.21"]
[Round "3.6"]
[White "Dresen, Ulrich"]
[Black "Skolarski, Hans Georg"]
[Result "1-0"]
[WhiteElo "2311"]
[BlackElo "2282"]
[PlyCount "87"]
[EventDate "2004.10.10"]
[EventType "team-tourn"]
[EventRounds "9"]
[EventCountry "GER"]
[SourceTitle "EXT 2006"]
[Source "ChessBase"]
[SourceDate "2005.11.24"]
[SourceVersion "1"]
[SourceVersionDate "2005.11.24"]
[SourceQuality "1"]
[WhiteTeam "Gerresheim"]
[BlackTeam "Gescher"]
[WhiteTeamCountry "GER"]
[BlackTeamCountry "GER"]

1. d4 Nf6 2. Bg5 c6 3. Nf3 Qb6 4. Qc1 d5 5. e3 Bf5 6. Nbd2 Ne4 7. Bf4 e6 8. Be2 Nd7 9. 0-0 Qd8 10. Nxe4 Bxe4 11. c4 dxc4 12. Qxc4 Nb6 13. Qb3 Bd6 14. Bxd6 Qxd6 15. a4 0-0 16. a5 Nd7 17. Nd2 Bd5 18. Qa3 Qxa3 19. Rxa3 c5 20. dxc5 Nxc5 21. b4 Ne4 22. Nxe4 Bxe4 23. f3 Bg6 24. Rc1 Rfc8 25. Rac3 Rxc3 26. Rxc3 Kf8 27. Rc7 Rb8 28. b5 Ke8 29. e4 f6 30. Rxg7 Bf7 31. Rxh7 Kf8 32. Rh8+ Bg8 33. f4 Kg7 34. Rh3 Rc8 35. Rd3 Rc7 36. b6 axb6 37. axb6 Rc2 38. Rd7+ Kh6 39. Bf3 e5 40. fxe5 fxe5 41. Rxb7 Rb2 42. Rb8 Bc4 43. b7 Kg5 44. h4+ 1-0

[Event "Oberliga NRW 0405"]
[Site "Germany"]
[Date "2004.10.10"]
[Round "1.5"]
[White "Wolf, Ulrich Martin"]
[Black "Skolarski, Hans Georg"]
[Result "0-1"]
[WhiteElo "2228"]
[BlackElo "2282"]
[PlyCount "77"]
[EventDate "2004.10.10"]
[EventType "team-tourn"]
[EventRounds "9"]
[EventCountry "GER"]
[SourceTitle "EXT 2006"]
[Source "ChessBase"]
[SourceDate "2005.11.24"]
[SourceVersion "1"]
[SourceVersionDate "2005.11.24"]
[SourceQuality "1"]
[WhiteTeam "Dortmund Hansa"]
[BlackTeam "Gescher"]
[WhiteTeamCountry "GER"]
[BlackTeamCountry "GER"]

1. d4 c5 2. d5 g6 3. e4 Bg7 4. Nc3 d6 5. Nf3 Nf6 6. Be2 0-0 7. 0-0 Na6 8. Nd2 Nc7 9. a4 Rb8 10. f4 b6 11. Nc4 Bb7 12. Bf3 Ba6 13. Be2 Bb7 14. Re1 Re8 15. Bf3 Ba6 16. Na3 Bb7 17. Nc4 Ba6 18. Na3 Bb7 19. Be3 a6 20. Bf2 Ba8 21. Qd3 Nd7 22. Rab1 h6 23. Bg3 b5 24. axb5 axb5 25. Ne2 Nf6 26. Rbd1 Nd7 27. c3 c4 28. Qd2 Nc5 29. Nc1 Na4 30. Qc2 Nc5 31. Bf2 N7a6 32. e5 Qc7 33. e6 f5 34. Bd4 Rf8 35. Qe2 Na4 36. Qc2 N6c5 37. h4 h5 38. Qe2 Qd8 39. Bxh5 0-1

[Event "Oberliga NRW 0304"]
[Site "Germany"]
[Date "2004.02.08"]
[Round "6.5"]
[White "Heisel, Guido"]
[Black "Skolarski, Hans Georg"]
[Result "1-0"]
[WhiteElo "2277"]
[BlackElo "2288"]
[PlyCount "45"]
[EventDate "2003.09.28"]
[EventType "team-tourn"]
[EventRounds "9"]
[EventCountry "GER"]
[SourceTitle "CBM 098 Extra"]
[Source "ChessBase"]
[SourceDate "2004.03.10"]
[SourceVersion "2"]
[SourceVersionDate "2004.03.10"]
[SourceQuality "1"]
[WhiteTeam "Duisburg"]
[BlackTeam "Gesch"]
[WhiteTeamCountry "GER"]
[BlackTeamCountry "GER"]

1. d4 Nf6 2. Bg5 c6 3. Bxf6 gxf6 4. e3 d5 5. c4 e5 6. Nc3 Be6 7. Nf3 Qb6 8. Qc2 dxc4 9. dxe5 f5 10. Nd4 Qc5 11. f4 Na6 12. a3 Qb6 13. Kf2 Bc5 14. Na4 Qa5 15. Nxe6 fxe6 16. Bxc4 b5 17. b4 Bxb4 18. Bxe6 c5 19. Qxf5 Rf8 20. Bd7+ Ke7 21. Qe6+ Kd8 22. axb4 Qxb4 23. Rhd1 1-0

[Event "Oberliga NRW 0304"]
[Site "Germany"]
[Date "2003.12.07"]
[Round "4.5"]
[White "Begnis, Nikolaos"]
[Black "Skolarski, Hans Georg"]
[Result "1/2-1/2"]
[WhiteElo "2255"]
[BlackElo "2288"]
[PlyCount "74"]
[EventDate "2003.09.28"]
[EventType "team-tourn"]
[EventRounds "9"]
[EventCountry "GER"]
[SourceTitle "CBM 098 Extra"]
[Source "ChessBase"]
[SourceDate "2004.03.10"]
[SourceVersion "2"]
[SourceVersionDate "2004.03.10"]
[SourceQuality "1"]
[WhiteTeam "Aachen"]
[BlackTeam "Gesch"]
[WhiteTeamCountry "GER"]
[BlackTeamCountry "GER"]

1. e4 c6 2. d4 d5 3. exd5 cxd5 4. c4 Nf6 5. Nc3 Nc6 6. Bg5 Be6 7. Be2 Qa5 8. Nf3 Rd8 9. 0-0 dxc4 10. Re1 b5 11. Qc1 Nd5 12. a4 Nxc3 13. bxc3 h6 14. axb5 Qxb5 15. Bf4 g5 16. Be5 f6 17. Bd1 Kf7 18. Qe3 Bd5 19. Bg3 Qb7 20. Nd2 Qd7 21. Bh5+ Kg7 22. Ne4 Qf5 23. Nc5 e5 24. dxe5 fxe5 25. h3 Bxc5 26. Qxc5 Qf8 27. Rxa7+ Nxa7 28. Qxa7+ Kg8 29. Rxe5 Rh7 30. Qe3 Bf7 31. Bf3 Re8 32. Be4 Rg7 33. Qd4 Rd8 34. Qe3 Bg6 35. Bd5+ Bf7 36. Be4 Bg6 37. Bd5+ Bf7 1/2-1/2

[Event "Oberliga NRW 0203 II"]
[Site "Germany"]
[Date "2003.02.16"]
[Round "6.4"]
[White "Skolarski, Hans Georg"]
[Black "Schiffer, Kai Uwe"]
[Result "1-0"]
[WhiteElo "2257"]
[BlackElo "2325"]
[PlyCount "53"]
[EventDate "2002.10.06"]
[EventType "team"]
[EventRounds "9"]
[EventCountry "GER"]
[SourceTitle "EXT 2004"]
[Source "ChessBase"]
[SourceDate "2003.11.25"]
[SourceVersion "1"]
[SourceVersionDate "2003.11.25"]
[SourceQuality "1"]
[WhiteTeam "Gesch"]
[BlackTeam "Duisburg/Hochheide"]
[WhiteTeamCountry "GER"]
[BlackTeamCountry "GER"]

1. e4 c5 2. Nf3 Nc6 3. d4 cxd4 4. Nxd4 Nf6 5. Nc3 e5 6. Ndb5 d6 7. Bg5 a6 8. Bxf6 gxf6 9. Na3 b5 10. Nd5 f5 11. Bd3 Be6 12. 0-0 Bxd5 13. exd5 Ne7 14. c4 Bg7 15. Be2 e4 16. cxb5 Bxb2 17. bxa6 0-0 18. Nc2 Bxa1 19. Qxa1 Nxd5 20. Bc4 Qa5 21. Qd4 Nb6 22. Bb3 Qc5 23. Qd2 Kh8 24. Rd1 Rad8 25. Nd4 Nc4 26. Qh6 f6 27. Ne6 1-0

[Event "Oberliga NRW 0203 II"]
[Site "Germany"]
[Date "2003.01.19"]
[Round "5.5"]
[White "Fecke, Andreas"]
[Black "Skolarski, Hans Georg"]
[Result "1/2-1/2"]
[WhiteElo "2244"]
[BlackElo "2257"]
[PlyCount "46"]
[EventDate "2002.10.06"]
[EventType "team"]
[EventRounds "9"]
[EventCountry "GER"]
[SourceTitle "EXT 2004"]
[Source "ChessBase"]
[SourceDate "2003.11.25"]
[SourceVersion "1"]
[SourceVersionDate "2003.11.25"]
[SourceQuality "1"]
[WhiteTeam "Lippstadt Turm"]
[BlackTeam "Gesch"]
[WhiteTeamCountry "GER"]
[BlackTeamCountry "GER"]

1. e4 c6 2. d3 d5 3. Nd2 g6 4. g3 Bg7 5. Bg2 e5 6. Ngf3 Be6 7. 0-0 h6 8. Qe2 d4 9. c3 c5 10. cxd4 cxd4 11. b3 Nc6 12. Ne1 g5 13. f4 gxf4 14. gxf4 exf4 15. Ndf3 Nge7 16. Nh4 Qd7 17. Bxf4 Be5 18. Bxe5 Nxe5 19. Nf5 0-0-0 20. Nc2 N5c6 21. Rac1 Kb8 22. Nxe7 Qxe7 23. Kh1 Rhg8 1/2-1/2

[Event "Oberliga NRW 0203 II"]
[Site "Germany"]
[Date "2002.10.06"]
[Round "1.5"]
[White "Michalczak, Thomas"]
[Black "Skolarski, Hans Georg"]
[Result "1/2-1/2"]
[WhiteElo "2274"]
[BlackElo "2257"]
[PlyCount "44"]
[EventDate "2002.10.06"]
[EventType "team"]
[EventRounds "9"]
[EventCountry "GER"]
[SourceTitle "EXT 2004"]
[Source "ChessBase"]
[SourceDate "2003.11.25"]
[SourceVersion "1"]
[SourceVersionDate "2003.11.25"]
[SourceQuality "1"]
[WhiteTeam "Plettenberg"]
[BlackTeam "Gesch"]
[WhiteTeamCountry "GER"]
[BlackTeamCountry "GER"]

1. e4 g6 2. d4 Bg7 3. Nc3 d6 4. Nf3 Nf6 5. Be2 c6 6. 0-0 0-0 7. a4 Nbd7 8. a5 e5 9. dxe5 Nxe5 10. Nd4 Re8 11. Nb3 Ned7 12. Bf3 Ne5 13. Be2 Ned7 14. f3 d5 15. exd5 Nxd5 16. Nxd5 cxd5 17. Bb5 a6 18. Ba4 Re5 19. c3 Nf8 20. Bf4 Rf5 21. Be3 Rh5 22. Bf4 Ne6 1/2-1/2

[Event "Oberliga NRW 0102 I"]
[Site "Germany"]
[Date "2002.05.05"]
[Round "9.5"]
[White "Hunold, Rolf"]
[Black "Skolarski, Hans Georg"]
[Result "0-1"]
[WhiteElo "2203"]
[BlackElo "2216"]
[PlyCount "102"]
[EventDate "2001.10.??"]
[EventType "team"]
[EventRounds "9"]
[EventCountry "GER"]
[SourceTitle "EXT 2004"]
[Source "ChessBase"]
[SourceDate "2003.11.25"]
[SourceVersion "1"]
[SourceVersionDate "2003.11.25"]
[SourceQuality "1"]
[WhiteTeam "Letmathe"]
[BlackTeam "Gesch"]
[WhiteTeamCountry "GER"]
[BlackTeamCountry "GER"]

1. e4 c6 2. d4 d5 3. Nc3 dxe4 4. Nxe4 Nf6 5. Nxf6+ gxf6 6. Bc4 Bf5 7. Ne2 Nd7 8. c3 e6 9. Ng3 Bg6 10. Qe2 Qc7 11. h4 h5 12. Bd2 0-0-0 13. Bd3 Bxd3 14. Qxd3 Bd6 15. Ne4 Bf4 16. 0-0-0 Bxd2+ 17. Rxd2 f5 18. Ng5 Nf6 19. Qe2 Qe7 20. Re1 Rd5 21. Kb1 Rhd8 22. Red1 R5d7 23. g3 Qd6 24. Kc2 Qd5 25. a3 b5 26. f3 Qa2 27. Qf1 Nd5 28. Rd3 Nb6 29. Ra1 Qd5 30. b3 a5 31. Nh3 a4 32. Qb1 e5 33. bxa4 e4 34. fxe4 fxe4 35. Rd1 Nxa4 36. Nf4 Qf5 37. Rf1 Qg4 38. Qe1 Re8 39. Ne2 e3 40. Rf4 Qg6+ 41. Kc1 Nb6 42. Rf1 Ra7 43. Nf4 Qd6 44. Qe2 Rxa3 45. Rxa3 Qxa3+ 46. Qb2 Qa4 47. Ne2 Nc4 48. Qb1 Qa3+ 49. Kd1 Nd2 50. Qf5+ Re6 51. Qxf7 Qb3+ 0-1

[Event "Oberliga NRW 0102 I"]
[Site "Germany"]
[Date "2001.12.09"]
[Round "4.5"]
[White "Skolarski, Hans Georg"]
[Black "Begnis, Nikolaos"]
[Result "1/2-1/2"]
[WhiteElo "2216"]
[BlackElo "2255"]
[PlyCount "33"]
[EventDate "2001.10.??"]
[EventType "team"]
[EventRounds "9"]
[EventCountry "GER"]
[SourceTitle "EXT 2004"]
[Source "ChessBase"]
[SourceDate "2003.11.25"]
[SourceVersion "1"]
[SourceVersionDate "2003.11.25"]
[SourceQuality "1"]
[WhiteTeam "Gesch"]
[BlackTeam "Aachen"]
[WhiteTeamCountry "GER"]
[BlackTeamCountry "GER"]

1. e4 c5 2. Nf3 Nc6 3. d4 cxd4 4. Nxd4 Nf6 5. Nc3 d6 6. Bc4 e6 7. Be3 a6 8. Qe2 Be7 9. 0-0-0 0-0 10. g4 Nxd4 11. Bxd4 b5 12. Bb3 b4 13. Na4 Bb7 14. Nc5 dxc5 15. Bxf6 Qc7 16. Bxe7 Qxe7 17. f4 1/2-1/2

[Event "Oberliga NRW 0102 I"]
[Site "Germany"]
[Date "2001.09.30"]
[Round "1.5"]
[White "Sielecki, Christof"]
[Black "Skolarski, Hans Georg"]
[Result "1/2-1/2"]
[WhiteElo "2393"]
[BlackElo "2216"]
[PlyCount "25"]
[EventDate "2001.10.??"]
[EventType "team"]
[EventRounds "9"]
[EventCountry "GER"]
[SourceTitle "EXT 2004"]
[Source "ChessBase"]
[SourceDate "2003.11.25"]
[SourceVersion "1"]
[SourceVersionDate "2003.11.25"]
[SourceQuality "1"]
[WhiteTeam "Muelheim Nord"]
[BlackTeam "Gesch"]
[WhiteTeamCountry "GER"]
[BlackTeamCountry "GER"]

1. Nf3 Nf6 2. g3 g6 3. b3 Bg7 4. Bb2 0-0 5. Bg2 d6 6. d4 c5 7. c4 Ne4 8. 0-0 Nc6 9. Nbd2 Bf5 10. e3 Qa5 11. Nxe4 Bxe4 12. Qe2 cxd4 13. Nxd4 1/2-1/2

[Event "Oberliga NRW 8990 I"]
[Site "Germany"]
[Date "1990.??.??"]
[Round "2"]
[White "Oeljeklaus, Karl"]
[Black "Skolarski, Hans Georg"]
[Result "0-1"]
[WhiteElo "2150"]
[BlackElo "2240"]
[PlyCount "100"]
[EventDate "1989.10.??"]
[EventType "team"]
[EventRounds "9"]
[EventCountry "GER"]
[SourceTitle "EXT 1997"]
[Source "ChessBase"]
[SourceDate "1996.11.15"]
[SourceVersion "1"]
[SourceVersionDate "1996.11.15"]
[SourceQuality "1"]
[WhiteTeam "Lengerich"]
[BlackTeam "Bottrop"]
[WhiteTeamCountry "GER"]
[BlackTeamCountry "GER"]

1. Nf3 Nf6 2. c4 g6 3. Nc3 Bg7 4. g3 0-0 5. Bg2 d6 6. 0-0 e5 7. d4 Nbd7 8. Qc2 c6 9. Rd1 Qe7 10. e4 Re8 11. b3 exd4 12. Nxd4 Nc5 13. f3 a5 14. Be3 Nfd7 15. Bf2 Ne5 16. h3 a4 17. Rab1 axb3 18. axb3 Na6 19. Na2 Nc7 20. f4 Nd7 21. Nc3 Nc5 22. Kh2 N7a6 23. b4 Ne6 24. Nde2 Nac7 25. Na4 h5 26. Nb6 Ra3 27. Rd3 Rxd3 28. Qxd3 Qf6 29. f5 Nf8 30. Bd4 Qe7 31. Rf1 Bxf5 32. Bxg7 Kxg7 33. Qd4+ Kg8 34. exf5 Qxe2 35. fxg6 fxg6 36. Qxd6 Qe7 37. Qd1 h4 38. Qg4 hxg3+ 39. Qxg3 Nfe6 40. Be4 Nf8 41. Bf5 Qxb4 42. Nd7 Qb2+ 43. Kh1 Kg7 44. Bxg6 Nxg6 45. Nf6 Rh8 46. Qf3 Qe5 47. Ng4 Qe6 48. Qc3+ Kg8 49. Rf6 Qxg4 50. Rf3 Qe4 0-1

[Event "Oberliga NRW 8990 I"]
[Site "Germany"]
[Date "1990.??.??"]
[Round "2"]
[White "Schischke, Reinhard"]
[Black "Skolarski, Hans Georg"]
[Result "0-1"]
[WhiteElo "2120"]
[BlackElo "2240"]
[PlyCount "76"]
[EventDate "1989.10.??"]
[EventType "team"]
[EventRounds "9"]
[EventCountry "GER"]
[SourceTitle "EXT 1997"]
[Source "ChessBase"]
[SourceDate "1996.11.15"]
[SourceVersion "1"]
[SourceVersionDate "1996.11.15"]
[SourceQuality "1"]
[WhiteTeam "Siegen"]
[BlackTeam "Bottrop"]
[WhiteTeamCountry "GER"]
[BlackTeamCountry "GER"]

1. e4 c6 2. d3 d5 3. Nd2 e5 4. Ngf3 Bd6 5. Qe2 Nf6 6. exd5 0-0 7. dxc6 Nxc6 8. Ne4 Nd5 9. Qd1 Bc7 10. Be2 f5 11. Nc3 Nf6 12. 0-0 h6 13. Nb5 Bb8 14. g3 a6 15. Na3 f4 16. gxf4 Bh3 17. Re1 exf4 18. d4 b5 19. c4 Qc8 20. Bf1 Bxf1 21. Rxf1 Ne4 22. Qd3 Qf5 23. h3 Ba7 24. cxb5 Rae8 25. Kh2 Nb4 26. Qb3+ Nd5 27. bxa6 Ng5 28. Nh4 Qe4 29. Bd2 f3 30. Rae1 Qxh4 31. Qxd5+ Kh8 32. Bxg5 Bb8+ 33. Re5 hxg5 34. Rg1 Qxf2+ 35. Kh1 Bxe5 36. dxe5 Qh4 37. Rf1 Qxh3+ 38. Kg1 Qg2# 0-1

[Event "Oberliga NRW 8990 I"]
[Site "Germany"]
[Date "1989.??.??"]
[Round "2"]
[White "Reinartz, Georg"]
[Black "Skolarski, Hans Georg"]
[Result "1-0"]
[WhiteElo "2180"]
[BlackElo "2240"]
[PlyCount "113"]
[EventDate "1989.10.??"]
[EventType "team"]
[EventRounds "9"]
[EventCountry "GER"]
[SourceTitle "EXT 1997"]
[Source "ChessBase"]
[SourceDate "1996.11.15"]
[SourceVersion "1"]
[SourceVersionDate "1996.11.15"]
[SourceQuality "1"]
[WhiteTeam "Elberfeld"]
[BlackTeam "Bottrop"]
[WhiteTeamCountry "GER"]
[BlackTeamCountry "GER"]

1. d4 Nf6 2. c4 e5 3. dxe5 Ne4 4. a3 d6 5. Qc2 Nc5 6. exd6 a5 7. Nf3 Bxd6 8. Be3 0-0 9. Nc3 Nba6 10. g3 f5 11. Bf4 Ne4 12. Rd1 Nac5 13. Bg2 Qe8 14. Bxd6 Nxd6 15. Nd5 Ne6 16. Nxc7 Nxc7 17. Rxd6 f4 18. 0-0 Qh5 19. Qd2 Bg4 20. Rd4 fxg3 21. hxg3 Rae8 22. Rf4 Rxf4 23. Qxf4 Ne6 24. Qd2 Rd8 25. Qe3 a4 26. Nh2 Bh3 27. g4 Bxg4 28. Bf3 Rd4 29. Qxe6+ Bxe6 30. Bxh5 Rxc4 31. Rd1 g6 32. Bf3 Rc2 33. Bxb7 Rxb2 34. Bd5 Rxe2 35. Bxe6+ Rxe6 36. Rd4 Ra6 37. Rd7 Ra5 38. Kf1 h6 39. Ng4 h5 40. Nf6+ Kf8 41. Nh7+ Kg8 42. Nf6+ Kf8 43. Ne4 g5 44. Rd4 Kf7 45. Rc4 Re5 46. Rxa4 h4 47. f3 Rd5 48. Ke2 Kg6 49. Ra6+ Kf5 50. Rb6 Ra5 51. Rb5+ Rxb5 52. Nd6+ Kf4 53. Nxb5 g4 54. fxg4 Kxg4 55. Kf2 Kh3 56. a4 Kh2 57. Nc3 1-0

[Event "Oberliga NRW 8889 I"]
[Site "Germany"]
[Date "1989.??.??"]
[Round "2"]
[White "Skolarski, Hans Georg"]
[Black "Bengfort, Wolfgang"]
[Result "1/2-1/2"]
[WhiteElo "2260"]
[BlackElo "1910"]
[PlyCount "26"]
[EventDate "1988.10.??"]
[EventType "team"]
[EventRounds "9"]
[EventCountry "GER"]
[SourceTitle "EXT 1997"]
[Source "ChessBase"]
[SourceDate "1996.11.15"]
[SourceVersion "1"]
[SourceVersionDate "1996.11.15"]
[SourceQuality "1"]
[WhiteTeam "Bottrop"]
[BlackTeam "Suedlohn"]
[WhiteTeamCountry "GER"]
[BlackTeamCountry "GER"]

1. e4 c6 2. d4 d5 3. Nc3 dxe4 4. Nxe4 Nf6 5. Nxf6+ gxf6 6. c3 Bf5 7. Nf3 h5 8. Bf4 e6 9. Qd2 h4 10. c4 Bd6 11. Be3 Nd7 12. Be2 Be4 13. b4 a5 1/2-1/2